[Event "WJCC U20 Girls 2019"]
[Site "New Delhi"]
[Date "2019.10.24"]
[Round "10.15"]
[White "Ghosh Samriddhaa"]
[Black "Yakubbaeva, Nilufar"]
[Result "0-1"]
[WhiteElo "1867"]
[BlackElo "2281"]
[Annotator "NA RC"]
[PlyCount "78"]
[EventDate "2019.10.15"]
[EventType "swiss"]
[EventCountry "IND"]
[SourceTitle "playchess.com"]
[Source "ChessBase"]
[SourceQuality "1"]
[TimeControl "40/5400+30:1800+30"]

1. e4 {[%emt 0:00:00]} c5 {[%emt 0:00:10]} 2. Nf3 {[%emt 0:00:00]} d6 {[%emt 0:00:24]} 3. d4 {[%emt 0:00:00]} cxd4 {[%emt 0:00:20]} 4. Nxd4 {[%emt 0:00:00]} Nf6 {[%emt 0:00:05]} 5. Nc3 {[%emt 0:00:02]} a6 {[%emt 0:00:06]} 6. Be2 {[%emt 0:00:13]} e5 {[%emt 0:01:05]} 7. Nb3 {[%emt 0:00:20]} Be7 {[%emt 0:05:56]} 8. O-O {[%emt 0:00:26]} Be6 {[%emt 0:01:06]} 9. Be3 {[%emt 0:00:49]} Nbd7 {[%emt 0:08:10]} 10. a4 {[%emt 0:10:00]} Rc8 {[%emt 0:03:00]} 11. Qd2 {[%emt 0:04:45]} O-O {[%emt 0:03:57]} 12. a5 {[%emt 0:01:17]} Ng4 {[%emt 0:08:01]} 13. Bxg4 {[%emt 0:07:19]} Bxg4 {[%emt 0:00:11]} 14. Nd5 {[%emt 0:02:43]} Be6 {[%emt 0:03:37]} 15. Rac1 {[%emt 0:15:37]} Nf6 {[%emt 0:06:25]} 16. Nxf6+ {[%emt 0:15:15]} Bxf6 {[%emt 0:02:18]} 17. Qb4 {[%emt 0:02:12]} Rc4 {[%emt 0:07:17]} 18. Qxb7 {[%emt 0:08:56]} Qc8 {[%emt 0:00:08]} 19. Qb6 {[%emt 0:03:17]} Rxe4 {[%emt 0:05:13]} 20. Qxd6 {[%emt 0:02:51]} Bh3 {[%emt 0:02:59]} 21. f3 {[%emt 0:22:23]} Rxe3 {[%emt 0:00:34]} 22. Qd2 {[%emt 0:00:13]} Bg5 {[%emt 0:00:48]} 23. gxh3 {[%emt 0:00:06]} Bf4 {[%emt 0:00:58]} 24. c3 {[%emt 0:02:30]} Qc4 {[%emt 0:08:43]} 25. Qd1 {[%emt 0:00:37]} Rd3 {[%emt 0:05:03]} 26. Qe2 {[%emt 0:00:24]} Bxc1 {[%emt 0:00:51]} 27. Nxc1 {[%emt 0:00:39]} Qc5+ {[%emt 0:00:04]} 28. Kh1 {[%emt 0:00:09]} Rd6 {[%emt 0:00:21]} 29. Nb3 {[%emt 0:00:36]} Qc6 {[%emt 0:01:48]} 30. Qxe5 {[%emt 0:00:23]} Rd5 {[%emt 0:02:21]} 31. Qe4 {[%emt 0:00:44]} Re8 {[%emt 0:02:05]} 32. Nd4 {[%emt 0:00:38]} Qd7 {[%emt 0:02:47]} 33. Qg4 {[%emt 0:00:17]} Qxg4 {[%emt 0:00:16]} 34. hxg4 {[%emt 0:00:04]} Rxa5 {[%emt 0:00:04]} 35. Rc1 {[%emt 0:00:44]} Ra2 {[%emt 0:00:41]} 36. b4 {[%emt 0:00:50]} f6 {[%emt 0:01:00]} 37. f4 {[%emt 0:00:38]} Re4 {[%emt 0:00:21]} 38. Rf1 {[%emt 0:00:20]} Ra3 {[%emt 0:00:16]} 39. Rf3 {[%emt 0:00:20]} Rxd4 {[%emt 0:00:10]} 0-1

[Event "WJCC U20 Girls 2019"]
[Site "New Delhi"]
[Date "2019.10.24"]
[Round "10.16"]
[White "Zhang, Xiao"]
[Black "Olde, Margareth"]
[Result "1/2-1/2"]
[WhiteElo "2053"]
[BlackElo "2205"]
[Annotator "NA"]
[PlyCount "118"]
[EventDate "2019.10.15"]
[EventType "swiss"]
[EventCountry "IND"]
[SourceTitle "playchess.com"]
[Source "ChessBase"]
[SourceQuality "1"]
[TimeControl "40/5400+30:1800+30"]

1. d4 f5 2. Nf3 Nf6 3. g3 g6 4. Bg2 Bg7 5. O-O O-O 6. c4 d6 7. Nc3 c6 8. d5 e5 9. dxe6 Bxe6 10. b3 Na6 11. Ng5 Bc8 12. Bb2 h6 13. Nf3 Be6 14. Qc2 Qe7 15. Rad1 Rad8 16. Ba3 Bf7 17. Nd2 Nc5 $11 18. e4 fxe4 19. Ndxe4 Nfxe4 20. Nxe4 Nxe4 21. Bxe4 Qe6 22. Rfe1 Rfe8 23. Re3 Qf6 24. Bb4 Re6 25. Bc3 Qg5 26. h4 Qc5 27. Bxg7 Kxg7 28. Qc3+ Kg8 29. Bd5 Rxe3 30. Bxf7+ Kxf7 31. fxe3 Ke6 32. Kg2 Qe5 33. Qd4 Rf8 34. Rd2 b6 35. Qg4+ Qf5 36. Qf4 Qxf4 37. gxf4 d5 38. cxd5+ cxd5 39. Kf3 Rc8 40. h5 gxh5 41. Rh2 Rc3 42. Rxh5 d4 43. Rxh6+ Kd7 44. Ke4 dxe3 45. Rh2 b5 46. Re2 b4 47. Rxe3 Rc2 48. Kf5 Rxa2 49. Kf6 Rc2 50. f5 Rc3 51. Re7+ Kc6 52. Rxa7 Rxb3 53. Kf7 Rb1 54. Ra6+ Kc7 55. f6 b3 56. Ra3 Kd6 57. Kf8 b2 58. Rb3 Rf1 59. Rxb2 Rxf6+ 1/2-1/2

[Event "WJCC U20 Girls 2019"]
[Site "New Delhi"]
[Date "2019.10.24"]
[Round "10.17"]
[White "Lakshmi C"]
[Black "Priyanka, Kumari"]
[Result "1-0"]
[WhiteElo "1859"]
[BlackElo "1921"]
[Annotator "NA RC"]
[PlyCount "83"]
[EventDate "2019.10.15"]
[EventType "swiss"]
[EventCountry "IND"]
[SourceTitle "playchess.com"]
[Source "ChessBase"]
[SourceQuality "1"]
[TimeControl "40/5400+30:1800+30"]

1. e4 c5 2. Nf3 d6 3. d4 cxd4 4. Nxd4 Nf6 5. Nc3 a6 6. a4 g6 7. Be2 Bg7 8. O-O O-O 9. Bf3 Nbd7 10. Bg5 Ne5 $11 11. Be2 Nc6 12. Be3 Bd7 13. Kh1 Rc8 14. f4 Qc7 15. Nb3 Be6 16. Nd5 Bxd5 17. exd5 Nb4 18. c4 Ne4 19. Qb1 Nc5 20. Nxc5 dxc5 21. Bd2 Qb6 22. f5 a5 23. Bc3 Qd6 24. Qe4 Rce8 25. Bg4 b6 26. Rf3 h5 27. Bxh5 gxh5 28. Bxg7 Kxg7 29. Rg3+ Kh6 30. Qe3+ Kh7 31. Qe2 h4 32. Rg5 Rg8 33. Qh5+ Qh6 34. Qxf7+ Rg7 35. Rxg7+ Qxg7 36. Qh5+ Qh6 37. Qxe8 h3 38. Qxe7+ Kh8 39. Qe8+ Kh7 40. Qf7+ Kh8 41. Re1 hxg2+ 42. Kg1 1-0

[Event "WJCC U20 Girls 2019"]
[Site "New Delhi"]
[Date "2019.10.24"]
[Round "10.18"]
[White "Sapale Saloni"]
[Black "Nastase, Andreea-Cristina"]
[Result "0-1"]
[WhiteElo "2142"]
[BlackElo "2077"]
[Annotator "NA RC"]
[PlyCount "88"]
[EventDate "2019.10.15"]
[EventType "swiss"]
[EventCountry "IND"]
[SourceTitle "playchess.com"]
[Source "ChessBase"]
[SourceQuality "1"]
[TimeControl "40/5400+30:1800+30"]

1. e4 {[%emt 0:00:00]} c5 {[%emt 0:00:00]} 2. Nf3 {[%emt 0:00:00]} d6 {[%emt 0:00:00]} 3. d4 {[%emt 0:00:00]} cxd4 {[%emt 0:00:00]} 4. Nxd4 {[%emt 0:00:02]} Nf6 {[%emt 0:00:00]} 5. Nc3 {[%emt 0:00:08]} a6 {[%emt 0:00:00]} 6. Be3 {[%emt 0:00:09]} e6 {[%emt 0:00:00]} 7. f3 {[%emt 0:00:06]} b5 {[%emt 0:00:01]} 8. Qd2 {[%emt 0:00:06]} Bb7 {[%emt 0:00:05]} 9. g4 {[%emt 0:00:08]} h6 {[%emt 0:00:04]} 10. O-O-O {[%emt 0:00:42]} Nbd7 {[%emt 0:00:03]} 11. h4 {[%emt 0:01:15]} b4 {[%emt 0:00:11]} 12. Nce2 {[%emt 0:09:06]} d5 {[%emt 0:00:06]} 13. exd5 {[%emt 0:04:01]} Nxd5 {[%emt 0:00:04]} 14. Ng3 {[%emt 0:08:43]} Be7 {[%emt 0:05:48]} 15. Nh5 {[%emt 0:11:25]} Kf8 {[%emt 0:04:17]} 16. Bf2 {[%emt 0:10:53]} Qa5 {[%emt 0:05:52]} 17. Kb1 {[%emt 0:05:18]} Rc8 {[%emt 0:26:49]} 18. Nb3 {[%emt 0:01:08]} Qc7 {[%emt 0:03:36]} 19. Be2 {[%emt 0:09:18]} g6 {[%emt 0:07:38]} 20. Ng3 {[%emt 0:01:05]} Bd6 {[%emt 0:01:19]} 21. Nf1 {[%emt 0:17:33]} Bf4 {[%emt 0:03:10]} 22. Be3 {[%emt 0:00:39]} N7f6 {[%emt 0:10:09]} 23. Bxf4 {[%emt 0:01:07]} Qxf4 {[%emt 0:00:08]} 24. Na5 {[%emt 0:02:34]} Qxd2 {[%emt 0:01:52]} 25. Rxd2 {[%emt 0:01:10]} Ba8 {[%emt 0:02:20]} 26. Bxa6 {[%emt 0:00:59]} Rc7 {[%emt 0:00:16]} 27. Nb3 {[%emt 0:00:59]} Kg7 {[%emt 0:00:18]} 28. Ng3 {[%emt 0:01:19]} Nf4 {[%emt 0:01:24]} 29. Rf1 {[%emt 0:00:09]} Bd5 {[%emt 0:00:54]} 30. Ne4 {[%emt 0:03:44]} Ra8 {[%emt 0:01:13]} 31. Nec5 {[%emt 0:05:46]} Bxb3 {[%emt 0:00:28]} 32. Nxb3 {[%emt 0:01:10]} Rxa6 {[%emt 0:00:06]} 33. g5 {[%emt 0:00:15]} N6d5 {[%emt 0:00:26]} 34. Rc1 {[%emt 0:01:27]} Rca7 {[%emt 0:00:14]} 35. c4 {[%emt 0:00:10]} bxc3 {[%emt 0:00:57]} 36. bxc3 {[%emt 0:00:07]} hxg5 {[%emt 0:00:55]} 37. hxg5 {[%emt 0:00:06]} Nh3 {[%emt 0:00:18]} 38. Rg2 {[%emt 0:02:04]} Ndf4 {[%emt 0:01:02]} 39. Rd2 {[%emt 0:00:51]} Nxg5 {[%emt 0:00:13]} 40. c4 {[%emt 0:00:24]} Nxf3 {[%emt 0:01:08]} 41. Rf2 {[%emt 0:30:12]} Nd3 {[%emt 0:30:45]} 42. Rxf3 {[%emt 0:00:16]} Nxc1 {[%emt 0:00:03]} 43. Nxc1 {[%emt 0:00:06]} Rc6 {[%emt 0:00:49]} 44. Rc3 {[%emt 0:00:39]} Rac7 {[%emt 0:00:22]} 0-1

[Event "WJCC U20 Girls 2019"]
[Site "New Delhi"]
[Date "2019.10.24"]
[Round "10.19"]
[White "Dwilewicz, Katarzyna"]
[Black "Bhagyashree Patil"]
[Result "1-0"]
[WhiteElo "2106"]
[BlackElo "1802"]
[Annotator "NA"]
[PlyCount "151"]
[EventDate "2019.10.15"]
[EventType "swiss"]
[EventCountry "IND"]
[SourceTitle "playchess.com"]
[Source "ChessBase"]
[SourceQuality "1"]
[TimeControl "40/5400+30:1800+30"]

1. e4 {[%emt 0:00:00]} e5 {[%emt 0:00:00]} 2. Nf3 {[%emt 0:00:00]} Nc6 {[%emt 0:00:00]} 3. Bb5 {[%emt 0:00:00]} a6 {[%emt 0:00:00]} 4. Ba4 {[%emt 0:00:00]} Nf6 {[%emt 0:00:00]} 5. O-O {[%emt 0:00:00]} Be7 {[%emt 0:00:00]} 6. d3 {[%emt 0:00:01]} b5 {[%emt 0:00:20]} 7. Bb3 {[%emt 0:00:04]} d6 {[%emt 0:00:39]} 8. c3 {[%emt 0:00:16]} O-O {[%emt 0:00:06]} 9. Re1 {[%emt 0:00:03]} Na5 {[%emt 0:02:30]} 10. Bc2 {[%emt 0:00:05]} c5 {[%emt 0:00:03]} 11. Nbd2 {[%emt 0:00:10]} Re8 {[%emt 0:03:16]} 12. Nf1 {[%emt 0:00:22]} Bf8 {[%emt 0:00:29]} 13. h3 {[%emt 0:00:15]} g6 {[%emt 0:03:02]} 14. Bd2 {[%emt 0:11:42]} Nc6 {[%emt 0:01:47]} 15. Qc1 {[%emt 0:02:42]} Bg7 {[%emt 0:00:39]} 16. Ng3 {[%emt 0:00:54]} Bb7 {[%emt 0:04:57]} 17. Bh6 {[%emt 0:04:11]} Bh8 {[%emt 0:02:05]} 18. a3 {[%emt 0:04:04]} Rc8 {[%emt 0:05:37]} 19. Qd2 {[%emt 0:03:51]} Nb8 {[%emt 0:04:31]} 20. b4 {[%emt 0:04:41]} d5 {[%emt 0:05:41]} 21. Bb3 {[%emt 0:13:57]} dxe4 {[%emt 0:16:04]} 22. dxe4 {[%emt 0:04:05]} Qxd2 {[%emt 0:00:25]} 23. Bxd2 {[%emt 0:00:22]} Bg7 {[%emt 0:00:50]} 24. Rad1 {[%emt 0:11:46]} Bf8 {[%emt 0:05:43]} 25. Ng5 {[%emt 0:06:06]} c4 {[%emt 0:04:03]} 26. Bc2 {[%emt 0:00:12]} a5 {[%emt 0:02:10]} 27. Nf3 {[%emt 0:05:40]} a4 {[%emt 0:03:15]} 28. Bg5 {[%emt 0:00:21]} Kg7 {[%emt 0:03:09]} 29. Nf1 {[%emt 0:04:42]} Nfd7 {[%emt 0:03:00]} 30. Ne3 {[%emt 0:04:39]} f6 {[%emt 0:01:05]} 31. Bh4 {[%emt 0:00:03]} Nb6 {[%emt 0:01:35]} 32. Nh2 {[%emt 0:02:21]} Rcd8 {[%emt 0:04:47]} 33. Nhg4 {[%emt 0:01:15]} Be7 {[%emt 0:01:08]} 34. f3 {[%emt 0:06:19]} Nc8 {[%emt 0:05:05]} 35. Bg3 {[%emt 0:01:48]} Bd6 {[%emt 0:05:01]} 36. Nd5 {[%emt 0:03:04]} Bxd5 {[%emt 0:00:46]} 37. Rxd5 {[%emt 0:00:18]} h5 {[%emt 0:09:14]} 38. Ne3 {[%emt 0:00:07]} Na7 {[%emt 0:00:42]} 39. Red1 {[%emt 0:00:13]} Be7 {[%emt 0:03:07]} 40. Bf2 {[%emt 0:00:42]} Nbc6 {[%emt 0:00:28]} 41. Kf1 {[%emt 0:36:06]} Kf7 {[%emt 0:32:26]} 42. Rd7 {[%emt 0:00:00]} Ke6 {[%emt 0:00:00]} 43. Rb7 {[%emt 0:00:00]} Rb8 {[%emt 0:00:00]} 44. Rdd7 {[%emt 0:00:00]} Red8 {[%emt 0:00:00]} 45. Rdc7 {[%emt 0:00:00]} Rxb7 {[%emt 0:00:00]} 46. Rxb7 {[%emt 0:00:00]} Rd7 {[%emt 0:00:00]} 47. Rb6 {[%emt 0:00:00]} Rd6 {[%emt 0:00:00]} 48. Nd5 {[%emt 0:00:03]} Bd8 {[%emt 0:00:00]} 49. Ra6 {[%emt 0:01:05]} Nc8 {[%emt 0:00:00]} 50. Bc5 {[%emt 0:00:28]} Kd7 {[%emt 0:00:42]} 51. Bxd6 {[%emt 0:00:16]} Nxd6 {[%emt 0:00:02]} 52. Ra8 {[%emt 0:00:46]} Ne8 {[%emt 0:01:45]} 53. Ke2 {[%emt 0:00:58]} Nc7 {[%emt 0:01:38]} 54. Rxd8+ {[%emt 0:01:51]} Nxd8 {[%emt 0:00:48]} 55. Nxf6+ {[%emt 0:00:02]} Ke6 {[%emt 0:00:13]} 56. Nd5 {[%emt 0:00:24]} Ne8 {[%emt 0:00:41]} 57. h4 {[%emt 0:00:22]} Nf7 {[%emt 0:01:21]} 58. Ke3 {[%emt 0:00:47]} Nh6 {[%emt 0:01:11]} 59. Bd1 {[%emt 0:00:23]} Nd6 {[%emt 0:00:28]} 60. Kf2 {[%emt 0:01:37]} Ng8 {[%emt 0:00:49]} 61. Be2 {[%emt 0:01:09]} Nh6 {[%emt 0:00:32]} 62. g3 {[%emt 0:00:23]} Kd7 {[%emt 0:00:31]} 63. Bf1 {[%emt 0:00:21]} Nhf7 {[%emt 0:00:32]} 64. Bh3+ {[%emt 0:00:18]} Ke8 {[%emt 0:00:25]} 65. Ke3 {[%emt 0:01:18]} g5 {[%emt 0:00:34]} 66. Nf6+ {[%emt 0:00:29]} Ke7 {[%emt 0:00:09]} 67. Nxh5 {[%emt 0:00:09]} gxh4 {[%emt 0:00:21]} 68. gxh4 {[%emt 0:00:02]} Nh6 {[%emt 0:00:14]} 69. Ng3 {[%emt 0:00:52]} Kf6 {[%emt 0:00:02]} 70. Bd7 {[%emt 0:00:20]} Nhf7 {[%emt 0:01:03]} 71. Nf5 {[%emt 0:00:35]} Nxf5+ {[%emt 0:00:14]} 72. Bxf5 {[%emt 0:00:31]} Nd6 {[%emt 0:00:03]} 73. Bd7 {[%emt 0:00:20]} Ke7 {[%emt 0:00:15]} 74. Bc6 {[%emt 0:00:07]} Kf6 {[%emt 0:00:06]} 75. f4 {[%emt 0:00:31]} Ke6 {[%emt 0:00:18]} 76. h5 {[%emt 0:00:35] Kd5} 1-0

[Event "WJCC U20 Girls 2019"]
[Site "New Delhi"]
[Date "2019.10.24"]
[Round "10.20"]
[White "Ulziikhishigjargal, Ochirkhuyag"]
[Black "Tsotsonava, Elene"]
[Result "0-1"]
[WhiteElo "2194"]
[BlackElo "1905"]
[Annotator "NA"]
[PlyCount "98"]
[EventDate "2019.10.15"]
[EventType "swiss"]
[EventCountry "IND"]
[SourceTitle "playchess.com"]
[Source "ChessBase"]
[SourceQuality "1"]
[TimeControl "40/5400+30:1800+30"]

1. e4 {[%emt 0:00:00]} c5 {[%emt 0:00:00]} 2. Nf3 {[%emt 0:00:00]} b6 {[%emt 0:00:00]} 3. d4 {[%emt 0:02:15]} cxd4 {[%emt 0:00:13]} 4. Nxd4 {[%emt 0:00:05]} Bb7 {[%emt 0:00:18]} 5. Nc3 {[%emt 0:02:17]} a6 {[%emt 0:00:25]} 6. Bd3 {[%emt 0:07:43]} d6 {[%emt 0:03:08]} 7. O-O {[%emt 0:01:24]} Nf6 {[%emt 0:01:17]} 8. Qe2 {[%emt 0:07:39]} Qc7 {[%emt 0:02:20]} 9. Bd2 {[%emt 0:01:43]} g6 {[%emt 0:05:29]} 10. Rae1 {[%emt 0:02:51]} Bg7 {[%emt 0:03:08]} 11. Nb3 {[%emt 0:00:11]} O-O {[%emt 0:09:15]} 12. f4 {[%emt 0:00:03]} e6 {[%emt 0:09:27]} 13. f5 {[%emt 0:06:59]} Nbd7 {[%emt 0:10:35]} 14. Kh1 {[%emt 0:11:41]} exf5 {[%emt 0:10:11]} 15. exf5 {[%emt 0:03:17]} Rae8 {[%emt 0:00:41]} 16. Qf2 {[%emt 0:06:39]} Ne5 {[%emt 0:00:28]} 17. h3 {[%emt 0:02:15]} Nxd3 {[%emt 0:08:51]} 18. cxd3 {[%emt 0:00:02]} Nh5 {[%emt 0:01:52]} 19. d4 {[%emt 0:12:34]} d5 {[%emt 0:06:32]} 20. Rxe8 {[%emt 0:01:45]} Rxe8 {[%emt 0:00:21]} 21. Re1 {[%emt 0:00:17]} Rxe1+ {[%emt 0:02:15]} 22. Qxe1 {[%emt 0:00:02]} Ng3+ {[%emt 0:00:34]} 23. Kg1 {[%emt 0:00:08]} Nxf5 {[%emt 0:01:41]} 24. Qe8+ {[%emt 0:08:42]} Bf8 {[%emt 0:00:06]} 25. Ne2 {[%emt 0:05:03]} Bc6 {[%emt 0:02:15]} 26. Bf4 {[%emt 0:00:09]} Qxf4 {[%emt 0:03:02]} 27. Qxf8+ {[%emt 0:00:34]} Kxf8 {[%emt 0:00:02]} 28. Nxf4 a5 {[%emt 0:01:34]} 29. Ne2 {[%emt 0:00:40]} Ke7 {[%emt 0:01:23]} 30. Kf2 {[%emt 0:00:13]} Nd6 {[%emt 0:01:20]} 31. Nbc1 {[%emt 0:01:50]} Ne4+ {[%emt 0:01:45]} 32. Ke3 {[%emt 0:00:16]} f5 {[%emt 0:00:54]} 33. Nf4 {[%emt 0:04:02]} Kf6 {[%emt 0:02:34]} 34. Nfd3 {[%emt 0:00:31]} g5 {[%emt 0:00:55]} 35. Ne5 {[%emt 0:00:03]} Bb5 {[%emt 0:01:00]} 36. Nb3 {[%emt 0:03:34]} f4+ {[%emt 0:01:53]} 37. Kf3 {[%emt 0:00:01]} Kf5 {[%emt 0:03:56]} 38. Nc1 {[%emt 0:02:00]} h5 {[%emt 0:01:21]} 39. Ncd3 {[%emt 0:04:09]} g4+ {[%emt 0:01:59]} 40. hxg4+ {[%emt 0:01:23]} hxg4+ {[%emt 0:00:02]} 41. Ke2 {[%emt 0:30:09]} Ng3+ {[%emt 0:30:23]} 42. Kd2 {[%emt 0:00:11]} Nf1+ {[%emt 0:00:00]} 43. Ke2 {[%emt 0:00:00]} Ke4 {[%emt 0:00:00]} 44. Kxf1 {[%emt 0:00:00]} Bxd3+ {[%emt 0:00:00]} 45. Ke1 {[%emt 0:00:00]} g3 {[%emt 0:00:00]} 46. Nf3 {[%emt 0:00:00]} Ke3 {[%emt 0:00:00]} 47. a3 {[%emt 0:00:00]} Be4 {[%emt 0:00:00]} 48. Nh4 {[%emt 0:00:00]} Kxd4 {[%emt 0:00:00]} 49. Kd2 {[%emt 0:00:00]} Ke5 0-1

[Event "WJCC U20 Girls 2019"]
[Site "New Delhi"]
[Date "2019.10.24"]
[Round "10.21"]
[White "Ortiz Verdezoto, Anahi"]
[Black "Obregon Garcia, Roxangel"]
[Result "1/2-1/2"]
[WhiteElo "2055"]
[BlackElo "2267"]
[Annotator "NA"]
[PlyCount "89"]
[EventDate "2019.10.15"]
[EventType "swiss"]
[EventCountry "IND"]
[SourceTitle "playchess.com"]
[Source "ChessBase"]
[SourceQuality "1"]
[TimeControl "40/5400+30:1800+30"]

1. d4 {[%emt 0:00:00]} d5 {[%emt 0:00:00]} 2. c4 {[%emt 0:00:00]} c6 {[%emt 0:00:00]} 3. Nf3 {[%emt 0:00:00]} Nf6 {[%emt 0:00:00]} 4. Nc3 {[%emt 0:00:07]} dxc4 {[%emt 0:00:10]} 5. a4 {[%emt 0:00:06]} Bf5 {[%emt 0:00:20]} 6. Ne5 {[%emt 0:00:35]} Nbd7 {[%emt 0:00:28]} 7. Nxc4 {[%emt 0:00:26]} Nb6 {[%emt 0:00:14]} 8. e3 {[%emt 0:03:53]} Nxc4 {[%emt 0:02:49]} 9. Bxc4 {[%emt 0:00:06]} e6 {[%emt 0:00:20]} 10. Bd3 {[%emt 0:07:28]} Bg4 {[%emt 0:04:43]} 11. Be2 {[%emt 0:01:38]} Bxe2 {[%emt 0:00:41]} 12. Qxe2 {[%emt 0:00:27]} Bb4 {[%emt 0:02:58]} 13. O-O {[%emt 0:00:25]} O-O {[%emt 0:08:09]} 14. Rd1 $11 {[%emt 0:06:23]} Qe7 {[%emt 0:12:17]} 15. e4 {[%emt 0:09:14]} h6 {[%emt 0:20:21]} 16. Bf4 {[%emt 0:09:50]} Rfd8 {[%emt 0:01:28]} 17. Rd3 {[%emt 0:09:24]} c5 {[%emt 0:08:48]} 18. e5 {[%emt 0:07:40]} Nd5 {[%emt 0:03:19]} 19. Nxd5 {[%emt 0:05:52]} Rxd5 {[%emt 0:00:02]} 20. Rg3 {[%emt 0:08:48]} Kh7 {[%emt 0:12:25]} 21. Qc2+ {[%emt 0:03:24]} Kh8 {[%emt 0:00:22]} 22. Rh3 {[%emt 0:00:06]} Qf8 {[%emt 0:01:07]} 23. dxc5 {[%emt 0:02:25]} Qxc5 {[%emt 0:05:26]} 24. Qe2 {[%emt 0:06:20]} Bd2 {[%emt 0:04:37]} 25. Bxd2 {[%emt 0:05:01]} Qc2 {[%emt 0:00:04]} 26. Qd1 {[%emt 0:06:25]} Qxd2 {[%emt 0:04:04]} 27. Qxd2 {[%emt 0:00:30]} Rxd2 {[%emt 0:00:02]} 28. Rb3 {[%emt 0:01:19]} Rad8 {[%emt 0:00:34]} 29. Kf1 {[%emt 0:01:11]} R8d7 {[%emt 0:01:04]} 30. Rc1 {[%emt 0:01:17]} R2d4 {[%emt 0:01:42]} 31. Ra1 {[%emt 0:01:47]} Re4 {[%emt 0:03:20]} 32. Re3 {[%emt 0:02:45]} Rxe3 {[%emt 0:01:19]} 33. fxe3 {[%emt 0:00:01]} Rd2 {[%emt 0:01:43]} 34. b4 {[%emt 0:00:57]} Rb2 {[%emt 0:00:44]} 35. b5 {[%emt 0:00:01]} Rb4 {[%emt 0:01:03]} 36. Rc1 {[%emt 0:01:29]} Kh7 {[%emt 0:00:04]} 37. Rc7 {[%emt 0:00:05]} Kg6 {[%emt 0:00:04]} 38. Rxb7 {[%emt 0:00:36]} Rxa4 {[%emt 0:00:01]} 39. Kf2 {[%emt 0:00:05]} a6 {[%emt 0:01:09]} 40. bxa6 {[%emt 0:00:39]} Rxa6 {[%emt 0:00:01]} 41. Kf3 {[%emt 0:30:06]} Ra5 {[%emt 0:04:58]} 42. Kf4 {[%emt 0:00:00]} h5 {[%emt 0:00:55]} 43. Rc7 {[%emt 0:00:00]} Ra1 {[%emt 0:00:56]} 44. e4 {[%emt 0:00:00]} Rf1+ {[%emt 0:02:31]} 45. Kg3 1/2-1/2

[Event "WJCC U20 Girls 2019"]
[Site "New Delhi"]
[Date "2019.10.24"]
[Round "10.22"]
[White "Meghna, C H"]
[Black "Mrudul Dehankar"]
[Result "*"]
[WhiteElo "1956"]
[BlackElo "2227"]
[Annotator "TA"]
[PlyCount "36"]
[EventDate "2019.10.15"]
[EventType "swiss"]
[EventCountry "IND"]
[SourceTitle "playchess.com"]
[Source "ChessBase"]
[SourceQuality "1"]

{[%evp 19,22,64,89,53,64]} 1. e4 c5 2. Nf3 d6 3. d4 cxd4 4. Nxd4 Nf6 5. Nc3 a6 6. f4 Qc7 7. a4 e6 8. Be2 Be7 9. O-O Nbd7 10. Bf3 O-O 11. Kh1 {B84: Sicilian Scheveningen: 6 Be2 a6, lines without early Be3} Nb6 {Predecessor:} 12. Qe1 $146 e5 13. Nf5 Bxf5 14. exf5 Rfe8 15. g4 e4 16. Nxe4 Qxc2 17. Qc3 Rac8 18. Qxc2 Rxc2 {0-1 (58) Hou,Y (2617)-Dzagnidze,N (2545) Geneve 2013} *